Строительная механика. Ч. 2: Статически неопределимые системы (Запись № 982873)

Подробности
000 -МАРКЕР
контрольное поле 01404nam2a2200277 4500
001 - ИДЕНТИФИКАТОР ЗАПИСИ
контрольное поле RU\NLR\bibl\1369148
005 - ИДЕНТИФИКАТОР ВЕРСИИ
контрольное поле 20260405190433.0
021 ## - НОМЕР ГОСУДАРСТВЕННОЙ РЕГИСТРАЦИИ
Код страны Российская Федерация
Номер 2009-20996
Номер Листа государственной регистраци 1244
035 ## - ДРУГИЕ СИСТЕМНЫЕ НОМЕРА
Идентификатор записи (NLR Aleph) 001361287
100 ## - ДАННЫЕ ОБЩЕЙ ОБРАБОТКИ
Данные общей обработки 20090515d2008 |||y0rusy50 ca
101 0# - ЯЗЫК РЕСУРСА
Язык текста, звукозаписи и т.д. русский
102 ## - СТРАНА ПУБЛИКАЦИИ ИЛИ ПРОИЗВОДСТВА
Страна публикации Российская Федерация
105 ## - ПОЛЕ КОДИРОВАННЫХ ДАННЫХ: ТЕКСТОВЫЕ МАТЕРИАЛЫ, МОНОГРАФИЧЕСКИЕ
Кодированные данные о монографическом текстовом документе a |||||||||
200 1# - ЗАГЛАВИЕ И СВЕДЕНИЯ ОБ ОТВЕТСТВЕННОСТИ
Основное заглавие Статически неопределимые системы
Первые сведения об ответственности С.П. Иванов, О.Г. Иванов
210 ## - ПУБЛИКАЦИЯ, РАСПРОСТРАНЕНИЕ И ДР.
Дата издания, распространения и т.д. 2008
Место издания, распространения и т.д. Б. м.
215 ## - ФИЗИЧЕСКАЯ ХАРАКТЕРИСТИКА
Специфическое обозначение материала и объем 126, [1] с.
Другие сведения о физической характеристике ил.
320 ## - ПРИМЕЧАНИЯ О НАЛИЧИИ В ДОКУМЕНТЕ БИБЛИОГРАФИИ / УКАЗАТЕЛЯ
Текст примечания Библиогр.: с. 123-124 (13 назв.)
461 #0 - УРОВЕНЬ НАБОРА
Встроенное поле 001RU\NLR\bibl\1190691
-- 2001#$aСтроительная механика$vЧ. 2
Системный номер (АБИС) связанной записи 1634779
Автор Иванов, С. П. (д-р техн. наук ; 1947-)
Место публикации Йошкар-Ола
Дата публикации 2007
Первые сведения об ответственности С.П. Иванов
Имя издателя, распространителя и т.д. Марийский государственный технический университет
Сведения, относящиеся к заглавию курс лекций
Заглавие Строительная механика
Номер тома Ч. 2
701 #1 - ИМЯ ЛИЦА - АЛЬТЕРНАТИВНАЯ ОТВЕТСТВЕННОСТЬ
Код отношения Автор
Графика поля Кириллица
Материалы, к которым относится поле rus
Начальный элемент ввода Иванов
Часть имени, кроме начального элемента ввода С. П.
Дополнения к именам, кроме дат д-р техн. наук
Даты 1947-
Расширение инициалов личного имени Сергей Павлович
Системный номер авторитетной/нормативной записи 47058
Идентификатор авторитетной/нормативной записи RU\NLR\auth\7764129
701 #1 - ИМЯ ЛИЦА - АЛЬТЕРНАТИВНАЯ ОТВЕТСТВЕННОСТЬ
Код отношения Автор
Графика поля Кириллица
Материалы, к которым относится поле rus
Начальный элемент ввода Иванов
Часть имени, кроме начального элемента ввода О. Г.
Дополнения к именам, кроме дат канд. техн. наук, строительство
Расширение инициалов личного имени Олег Геннадьевич
Системный номер авторитетной/нормативной записи 65508
Идентификатор авторитетной/нормативной записи RU\NLR\auth\7782580
801 #0 - ИСТОЧНИК ЗАПИСИ
Страна Российская Федерация
Организация NLR
Дата составления 20090515
Правила каталогизации RCR
801 #1 - ИСТОЧНИК ЗАПИСИ
Страна Российская Федерация
Организация NLR
Дата составления 20090515
942 ## - ДОПОЛНИТЕЛЬНЫЕ ЭЛЕМЕНТЫ ЗАПИСИ (АБИС)
Тип экземпляра АБИС Книга
980 ## - КОЛЛЕКЦИЯ
Название коллекции Национальная библиография
Экземпляры
Тип экземпляра Дата поступления Источник поступления Библиотека постоянного хранения Библиотека текущего хранения Место хранения Шифр хранения Штрих-код Статус экземпляра
Книга 15.05.2009 Обязательный экземпляр РНБ (Московский) РНБ (Московский) Русский книжный фонд: издания с 1957 года 2007-4/20902 2920563  
Книга 15.05.2009 Обязательный экземпляр РНБ (Московский) РНБ (Московский) Русский книжный фонд: издания с 1957 года 2007-4/20902 2920564